000 00914nam a2200289Ia 4500
003 OSt
005 20221007121454.0
006 a|||||r|||| 00| 0
007 ta
008 221006b |||||||| |||| 00| 0 eng d
020 _a9781498726023 (hbk)
024 _a199046
037 _b1697, 06/02/2018, Prashant Book Agency
_cTextual
040 _aBDL
_cBDL
_beng
041 _2eng
_aeng
082 _aI,11, Q6 Carb
100 _aRose Ray J Ed.
_9437963
245 0 _aMolecular cell biology of the growth and differentiation of the plant cell
260 _aBoca
_bRaton CRC Press
_c2016
300 _aviii, 387p. ill.
_ccm.
500 _aIndex 383-387p.
650 _a Cell enlargement
_9712045
650 _a Plant stem cells
_9712046
650 _aBotany
942 _hI,11, Q6 Carb
_cTEXL
_2CC
999 _c1208925
_d1208925